Responses for Show #6252 - Tuesday, November 22, 2011

Contestants

[<< previous game]

Abby Drwecki, an anthropologist from Arvada, Colorado

Peter Jury, a clothier from Ellington, Connecticut

Francis Lansangan, a military analyst from Virginia Beach, Virginia (whose 1-day cash winnings total $28,401)

[next game >>]

Jeopardy! Round responses

OLD TESTAMENT WOMEN
2011 NEWS
CARTOON VOICES
WHERE YA FROM?
PUT ON A SUIT
A DISH OF YIDDISH
    $200 1
Dinah

Abby
    $200 6
Tiger Woods

Peter
    $200 7
Cars 2

Francis
    $200 21
Sarah Palin

Abby
    $200 12
horizontally (or sideways)

Francis
    $200 18
to eat

Peter
    $400 2
(Abby: Who is Ruth?)

Esther

FrancisAbby
    $400 14
Wall Street

Francis
    $400 8
Tarzan

Abby
    $400 22
Marie Antoinette

Francis
    $400 13
Pat Riley

Francis
    $400 19
mazel tov

Abby
    $600 3
Job

Francis
    $600 15
posthumously

Francis
    $600 9
Eddie Murphy

Francis
    $600 23
George W. Bush

Peter
    $600 24
(Peter: What are lapels?)

pockets

Peter
Triple Stumper
    $600 20
chutzpah

Francis
    $800 4
(Francis: Who is Naomi?)

Orpah

FrancisAbby
    $800 16
(Peter: What is Target?)

Costco

Peter
Triple Stumper
    $800 10
John Smith

Peter
    $800 26
(Francis: Who is Walt Whitman?)

Robert Frost

FrancisPeter
    $800 25
inseam

Francis
    $800 27
bubkes

Abby
    $1000 5
Miriam

Francis
    $1000 17
Jack LaLanne

Abby
    $1000 11
Ray Romano

Peter
    $2,000 30
Frank Lloyd Wright

Francis
    $1000 29
herringbone

Francis
    $1000 28
crazy

Peter

Scores at the first commercial break (after clue 15):

Francis Peter Abby
$3,600 $2,000 $1,000

Scores at the end of the Jeopardy! Round:

Francis Peter Abby
$7,600 $3,200 $3,400

Double Jeopardy! Round responses

TURKEY DAY
BODY WORKS
BOOKS' SUBTITLES
DANCING WITH THE STARS WINNERS
A "LITTLE" LEARNING
IS A DANGEROUS THING
    $400 15
the Black Sea

Abby
    $400 14
a palpitation

Peter
    $400 2
Uncle Tom's Cabin

Peter
    $400 7
Jennifer Grey

Abby
    $400 6
Little League

Francis
    $400 22
a logger

Francis
    $800 17
Ankara

Peter
    $800 16
ovulation

Francis
    $800 5
Frankenstein

Peter
    $800 8
Hines Ward

Abby
    $800 12
Little John

Peter
    $800 23
an avalanche

Peter
    $1200 28
the Young Turks

Francis
    $1200 19
thoracic

Abby
    $1200 4
(Francis: What is Dreams of My Father?)

Dreams from My Father

FrancisPeter
    $1200 9
Nicole Scherzinger

Abby
    $1200 13
little green men

Abby
    $1200 24
Pamplona

Francis
    $4,000 29
Germany

Francis
    $1600 20
(Francis: What are adrenal glands?)

endocrine glands

FrancisAbby
    $3,600 3
Men Are from Mars, Women Are from Venus

Peter
    $1600 10
Brooke Burke

Francis
    $1600 18
(Abby: What is "the Little Colonel"?)

"the Little Corporal"

FrancisAbby
    $1600 25
a jellyfish

Abby
    $2000 30
(Alex: The ruler is the sultan, and the grapes are [*].)

sultana

Triple Stumper
    $2000 21
abductors

Abby
    $2000 1
Tuesdays with Morrie

Abby
    $2000 11
Apolo Ohno

Francis
    $2000 27
Little Lord Fauntleroy

Peter
    $2000 26
K2

Francis

Scores at the end of the Double Jeopardy! Round:

Francis Peter Abby
$20,000 $14,000 $14,200

[wagering suggestions for these scores]

Final Jeopardy! Round responses

U.S. MONEY MATH
(Alex: All three of you forgot the all-important--and I love the bill--the Thomas Jefferson $2 bill. The correct response is [*].)
PeterWhat is $76?
$14,000
AbbyWhat is 76 [on next line] 5+1+20=26+50=76
$13,199
FrancisWhat is $76?
$8,401
$78

Final scores:

Francis Peter Abby
$11,599 $0 $1,001
2-day champion: $40,000 3rd place: $1,000 2nd place: $2,000

Game dynamics:

Coryat scores:

Francis Peter Abby
$16,600 $12,000 $14,200
24 R
(including 2 DDs),
4 W
16 R
(including 1 DD),
2 W
17 R,
2 W

Combined Coryat: $42,800

[game clues] [game scores] [suggest correction]

Game tape date: 2011-10-10
The J! Archive is created by fans, for fans. Scraping, republication, monetization, and malicious use prohibited; this site may use cookies and collect identifying information. See terms. The Jeopardy! game show and all elements thereof, including but not limited to copyright and trademark thereto, are the property of Jeopardy Productions, Inc. and are protected under law. This website is not affiliated with, sponsored by, or operated by Jeopardy Productions, Inc. Join the discussion at JBoard.tv.